000 00354nam a2200145Ia 4500
008 221030s9999 xx 000 0 und d
041 _aEnglish
082 _a105.23
_bChi
100 _aJ. S. Chitode
245 0 _aDigital communication
_cby J. S. Chitode
260 _bTechnical Pub.
_aPune
_c2001
300 _a384
650 _aBE Computer
942 _cBK
999 _c1563
_d1563